000 00661nam a22001697a 4500
003 OSt
005 20171010095428.0
008 120424t xxu||||| |||| 00| 0 eng d
040 _aMMSU
_cULS
100 _aCabinian, Charilyn Joy S.
_98745
245 _aA preliminary study on the utilization of sawdust, calcined ricehull ash and Solsona white clay in the manufacture of ceramic water filter
_cCharilyn Joy S. Cabinian
260 _c2009
300 _axii, 47 leaves
_c28 cm.
500 _aThesis (BS Ceramic Engineering) -- Mariano Marcos State University-College of Engineering, Batac City
504 _aBibliography: leaves 31-32
942 _2ddc
_cTHEDIS
999 _c9468
_d9468